Para conocer la ética cristiana

Uloženo v:
Podrobná bibliografie
Hlavní autor: Vidal García, Marciano (Autor)
Médium: Kniha
Jazyk:španělština
Vydáno: Pamplona Verbo Divino 1990
Vydání:2a. ed
Témata:
Tagy: Přidat tag
Žádné tagy, Buďte první, kdo vytvoří štítek k tomuto záznamu!

MARC

LEADER 00000nam a2200000 a 4500
001 UCX0956
003 CL-VaPUC
008 900423e19900000SP |||||||||||||||||spa|d
082 0 4 |a 241  |b VID  |2 21 
100 |a Vidal García, Marciano  |e author  |9 600968 
245 1 0 |a Para conocer la ética cristiana 
250 |a 2a. ed 
300 |a 375 p 
942 |c BK 
945 |d 19900423 00:00:00  |a aalvarez 
260 |a Pamplona  |b Verbo Divino  |c 1990 
650 0 |a Ética  |9 255099 
650 0 |a Teología moral   |9 256617 
583 |a last modification  |c 20120703 11:41:08  |k Rodrigo Vera 
999 |c 222322  |d 222320 
952 |0 0  |1 0  |4 0  |6 241_000000000000000_VID_1990  |7 0  |8 A  |9 216842  |a BIBEDU  |b BIBEDU  |d 2019-11-15  |i 2976390  |o 241 VID 1990  |p 2976390  |r 2019-11-15  |w 2019-11-15  |y BK  |k EDU 
952 |0 0  |1 0  |4 0  |6 241_000000000000000_VID_1990  |7 0  |8 A  |9 216843  |a BIBHIS  |b BIBHIS  |d 2019-11-15  |i 3444910  |o 241 VID 1990  |p 3444910  |r 2025-01-20  |w 2019-11-15  |y BK  |k HIS